000 01549cad a22002895a 4500
001 L138263
008 070525e20070524xxkd f lsu f000 0 eng d
035 _a(Sirsi) u138263
041 0 _aeng
050 0 4 _a614.76 $2 18
110 1 _aUnited Kingdom
_bDepartment for Environment, Food and Rural Affairs
245 0 0 _aWaste strategy for England 2007
_h[electronic resource]
260 _aLondon
_bDEFRA
_c2007
520 _aDescribes the UK Government?s policies on waste management. Describes the need for recycling and reuse, waste prevention and management. Details progress which has been made towards these objectives. Key proposals are incentives, regulation, infrastructure investment and local governance. Focus on particular materials, products and sectors is advocated. The need for overall culture change is underlined. The report contains a number of annexes, which address specific aspects and sectors of waste management policy.
590 _aKA NTK
650 2 4 _aPLANNING POLICY STATEMENT 10
650 2 4 _aENVIRONMENTAL PROTECTION ACT 1990 S44(A)
650 2 4 _aWASTE MANAGEMENT LICENCING REGULATIONS
650 2 4 _aCOUNCIL DIRECTIVE 91/689/EEC
650 2 4 _aCOUNCIL DIRECTIVE 94/62/EEC
650 2 4 _aDIRECTIVE 1993/31/EC
650 2 4 _aSI 1994:1056
651 4 _aEngland
_y886-
690 _aENVIRONMENTAL AND LAND CONSULTANCY-WASTE MANAGEMENT
856 4 0 _uhttps://www.defra.gov.uk/environment/waste/strategy/strategy07/index.htm
_zhttp://www.defra.gov.uk/environment/waste/strategy/strategy07/index.htm
942 _n0
999 _c107093
_d107093